000 00356nam a22001217a 4500
082 _a297
_bMesar
_cMasjid
100 _aJanab Mustafa Murad
_951170
245 _aمعجزات الرسول - صلى الله عليه وسلم
260 _aLahore
_bKutab Khana Shan Islam
300 _a656
526 _a0
_b0
_c0
_d297_000000000000000_MESAR
942 _2ddc
_cBK
999 _c553931
_d553931